000 00536nam a2200193Ia 4500
003 GCL
008 140319s9999 xx 000 0 eng d
040 _aGCL /
_cGCL
082 0 4 _a909.0223
_bM C
100 1 _aMASON, ANTONY
245 1 0 _aTHE CHILDREN'S OF CIVILIZATIONS: TRADE THE RISE AND FALL OF THE WORLD'S GREAT CIVILIZATION /
_cMASON, ANTONY
260 _a[S.N] :
_bTHE APPLE PRESS ،
_c1994
300 _a95
650 0 4 _aATLASES
650 0 4 _aHISTORY
650 0 4 _aGEOGRAPHY
650 0 4 _aWORLD HISTORY
942 _2ddc
_cBK
999 _c14475
_d14475